|
|
|
|
| LEADER |
00000nab a2200000 a 4500 |
| 001 |
vtls010573382 |
| 003 |
SK-MaSNL |
| 005 |
20260318133133.0 |
| 008 |
140131 2014 xo mr 000 02hun |
| 015 |
|
|
|a SNBRB2014/01
|
| 038 |
|
|
|a DSZK
|
| 040 |
|
|
|a DSZK
|b slo
|c DSZK
|e AACR2
|
| 041 |
0 |
|
|a hun
|
| 044 |
|
|
|a xo
|c SK
|
| 080 |
|
|
|a 781.7.071
|x (437.612)
|2 2001
|
| 080 |
|
|
|a 784.4
|x (=511.141)
|x (437.6)
|2 2001
|
| 080 |
|
|
|a 398.8
|x (=511.141)
|x (437.6)
|2 2001
|
| 100 |
1 |
|
|a Stirber, Lajos,
|d 1942-
|4 aut
|9 103376
|
| 245 |
1 |
0 |
|a Főhajtás Ág Tibor emléke előtt
|c Stirber Lajos
|
| 300 |
|
|
|b Fotogr.
|
| 600 |
1 |
7 |
|a Ág, Tibor,
|d 1928-2013
|2 dszk
|9 174546
|
| 650 |
0 |
7 |
|a etnomuzikológovia
|2 dszk
|9 182304
|
| 650 |
0 |
7 |
|a nekrológy
|2 dszk
|9 28957
|
| 651 |
|
7 |
|a Veľký Meder (Slovensko)
|2 dszk
|9 19224
|
| 773 |
0 |
|
|t Pedagógusfórum
|g Évf. XIII, sz. 1 (2014), o. 22
|x 1338-1296
|
| 852 |
|
|
|a DSZK
|b KIS3GCP
|
| 958 |
|
|
|a HU
|
| 958 |
|
|
|a SK
|
| 958 |
|
|
|a BX
|
| 999 |
|
|
|c 2189367
|d 2191297
|